| 000 | 00595nam a2200193 i 4500 | ||
|---|---|---|---|
| 001 | 19514 | ||
| 003 | ES-MaACL | ||
| 005 | 20230906152120.0 | ||
| 007 | t| | ||
| 008 | 021002s1971 sp ||||1| spa d | ||
| 100 | 1 |
_aAbad León, Felipe, _d1934-2017 _917928 |
|
| 245 | 1 | 0 |
_aA la sombra de las tres torres / _cFelipe Abad León. |
| 250 | _a[1ª ed.]. | ||
| 260 |
_aArnedo (Logroño) : _b[s.n.], _c[1971] ( _fGráf. Isasa) |
||
| 300 |
_a320 p., 1 lám. : _bil. ; _c21 cm. |
||
| 651 | 4 |
_aArnedo- _xHistoria eclesiástica. _9167399 |
|
| 852 |
_aES-MaACL _jC-48288 _bR.78237 |
||
| 999 |
_c19514 _d19514 |
||